UBT Library

Mind on Statistics (Record no. 420)

000 -LEADER
fixed length control field 00594nam a22002057a 4500
005 - DATE AND TIME OF LATEST TRANSACTION
control field 20140312101419.0
008 - FIXED-LENGTH DATA ELEMENTS--GENERAL INFORMATION
fixed length control field 140312b xxu||||| |||| 00| 0 eng d
020 ## - INTERNATIONAL STANDARD BOOK NUMBER
International Standard Book Number 9780495112075
080 ## - UNIVERSAL DECIMAL CLASSIFICATION NUMBER
Universal Decimal Classification number 519.25
100 ## - Rafti
Rafti Utts M, Jessica
245 ## - TITLE STATEMENT
Title Mind on Statistics
Statement of responsibility, etc Jessica M. Utts, Robert F. Heckard;
250 ## -
-- 3 st.ed.;
260 ## -
-- Australia,
-- Thomson,
-- 2007,
300 ## -
-- 770 f.:
-- me il.;
-- 26 cm,
500 ## -
-- Përfshin indeksin f. 753-770
650 ## -
-- Statistikë,
650 ## -
-- Përpunimi i të dhënave statistikore,
700 ## -
-- Heckard F, Roberts ,
942 ## - ADDED ENTRY ELEMENTS (KOHA)
Source of classification or shelving scheme
Item type Books
Holdings
Withdrawn status Lost status Source of classification or shelving scheme Damaged status Not for loan Collection code Permanent location Current location Shelving location Date acquired Total Checkouts Full call number Barcode Date last seen Price effective from Koha item type
          Koleksioni i përgjithshem UBT - Ferizaj UBT - Ferizaj Koleksioni i përgjithshem 03/12/2014   519.25 UTT 003000166 03/12/2014 03/12/2014 Books
          Koleksioni i përgjithshem UBT - Ferizaj UBT - Ferizaj Koleksioni i përgjithshem 03/12/2014   519.25 UTT 003000167 03/12/2014 03/12/2014 Books
          Koleksioni i përgjithshem UBT - Ferizaj UBT - Ferizaj Koleksioni i përgjithshem 03/12/2014   519.25 UTT 003000168 03/12/2014 03/12/2014 Books
          Koleksioni i përgjithshem UBT - Lipjan UBT - Lipjan Koleksioni i përgjithshem 09/23/2015   519.25 UTT 002-007681 09/23/2015 09/23/2015 Books
          Koleksioni i përgjithshem UBT - Lipjan UBT - Lipjan Koleksioni i përgjithshem 09/23/2015   519.25 UTT 002-007680 09/23/2015 09/23/2015 Books
          Koleksioni i përgjithshem UBT - Lipjan UBT - Lipjan Koleksioni i përgjithshem 09/23/2015   519.25 UTT 002-007689 09/23/2015 09/23/2015 Books
          Koleksioni i përgjithshem UBT - Lipjan UBT - Lipjan Koleksioni i përgjithshem 09/23/2015   519.25 UTT 002-007688 09/23/2015 09/23/2015 Books
          Koleksioni i përgjithshem UBT - Lipjan UBT - Lipjan Koleksioni i përgjithshem 09/23/2015   519.25 UTT 002-007695 09/23/2015 09/23/2015 Books
          Koleksioni i përgjithshem UBT - Lipjan UBT - Lipjan Koleksioni i përgjithshem 10/12/2015   519.25 UTT 002-008271 10/12/2015 10/12/2015 Books
          Koleksioni i përgjithshem UBT - Lipjan UBT - Lipjan Koleksioni i përgjithshem 10/12/2015   519.25 UTT 002-008272 10/12/2015 10/12/2015 Books
          Koleksioni i përgjithshem UBT - Lipjan UBT - Lipjan Koleksioni i përgjithshem 10/12/2015   519.25 UTT 002-008273 10/23/2017 10/12/2015 Books
          Koleksioni i përgjithshem UBT - Lipjan UBT - Lipjan Koleksioni i përgjithshem 10/12/2015   519.25 UTT 002-008274 10/12/2015 10/12/2015 Books
          Koleksioni i përgjithshem UBT - Lipjan UBT - Lipjan Koleksioni i përgjithshem 10/23/2017   311 HEC 002-2933569 10/23/2017 10/23/2017 Books
          Koleksioni i përgjithshem UBT - Lipjan UBT - Lipjan Koleksioni i përgjithshem 10/23/2017   519.25 HEC 002-2933271 10/23/2017 10/23/2017 Books
          Koleksioni i përgjithshem UBT - Lipjan UBT - Lipjan Koleksioni i përgjithshem 10/23/2017   519.25 HEC 002-2933270 10/23/2017 10/23/2017 Books
          Koleksioni i përgjithshem UBT - Lipjan UBT - Lipjan Koleksioni i përgjithshem 10/23/2017   519.25 HEC 002-2933278 10/23/2017 10/23/2017 Books
          Koleksioni i përgjithshem UBT - Lipjan UBT - Lipjan Koleksioni i lëndeve mesimore 10/24/2017   311 HEC 002-2933312 10/24/2017 10/24/2017 Books
UBT Library © 2015-2024. All rights reserved University Education for Business and Technology